Central Library OPAC University of Rajshahi

বিনুর বই / (Record no. 56405)

MARC details
000 -LEADER
fixed length control field 00825nam a2200241 a 4500
001 - CONTROL NUMBER
control field 56405
003 - CONTROL NUMBER IDENTIFIER
rucl marc code BD-RjUL
005 - DATE AND TIME OF LATEST TRANSACTION
control field 20211209080406.0
008 - FIXED-LENGTH DATA ELEMENTS--GENERAL INFORMATION
fixed length control field 161129s1959 ii ||||| |||| 00| 0 ben d
020 ## - INTERNATIONAL STANDARD BOOK NUMBER
Terms of availability : IRs 2.00
035 ## - SYSTEM CONTROL NUMBER
System control number (BD-RjUL)56529
040 ## - CATALOGING SOURCE
Original cataloging agency BD-RjUL
Language of cataloging ben
Transcribing agency BD-RjUL
041 ## - LANGUAGE CODE
Language code of text/sound track or separate title ben
082 ## - DEWEY DECIMAL CLASSIFICATION NUMBER
Edition number 23
Classification number 891443
Author mark and year RAB 1959
100 ## - MAIN ENTRY--PERSONAL NAME
Personal name রায়, অন্নদাশঙ্কর
9 (RLIN) 119187
245 10 - TITLE STATEMENT
Title বিনুর বই /
Statement of responsibility, etc. অন্নদাশঙ্কর রায়
250 ## - EDITION STATEMENT
Edition statement ২য় সং .
260 ## - PUBLICATION, DISTRIBUTION, ETC. (IMPRINT)
Place of publication, distribution, etc. কলিকাতা :
Name of publisher, distributor, etc. ডি.এম. লাইব্রেরী,
Date of publication, distribution, etc. ১৯৫৯
300 ## - PHYSICAL DESCRIPTION
Pagination ১২২ পৃ. ;
Size ১৭ সেমি .
650 ## - SUBJECT ADDED ENTRY--TOPICAL TERM
Topical term or geographic name as entry element বাংলা উপন্যাস
9 (RLIN) 167777
Topical term or geographic name as entry element bengali Fictions
9 (RLIN) 167778
942 ## - ADDED ENTRY ELEMENTS (KOHA)
Source of classification or shelving scheme Dewey Decimal Classification
Koha item type Books
Holdings
Lost status Source of classification or shelving scheme Damaged status Not for loan Collection code Permanent Location Current Location Shelving location Date acquired Source of acquisition Cost, normal purchase price Total Checkouts Full call number Date last seen Copy number Koha item type
  Dewey Decimal Classification     Fiction Central Library, University of Rajshahi Central Library, University of Rajshahi   12/10/1959 Warsi book center 2.50   B 891.443 RAB 1959 29/11/2016 C-2 Books